[Event "Oberliga Ost-B 0708"]
[Site "Germany"]
[Date "2008.01.19"]
[Round "6.1"]
[White "Paehtz, Thomas Jr"]
[Black "Kunin, Vitaly L"]
[Result "1/2-1/2"]
[WhiteElo "2342"]
[BlackElo "2507"]
[PlyCount "115"]
[EventDate "2007.10.07"]
[EventType "team-tourn"]
[EventRounds "11"]
[EventCountry "GER"]
[SourceTitle "EXT 2009"]
[Source "ChessBase"]
[SourceDate "2008.11.26"]
[SourceVersion "1"]
[SourceVersionDate "2008.11.26"]
[SourceQuality "1"]
[WhiteTeam "Erfurt Empor"]
[BlackTeam "Moerlenbach"]
[WhiteTeamCountry "GER"]
[BlackTeamCountry "GER"]

1. e4 d6 2. d4 Nf6 3. Nc3 e5 4. Nf3 Nbd7 5. Bc4 Be7 6. 0-0 0-0 7. a4 c6 8. Re1 b6 9. h3 Bb7 10. Ba2 a6 11. dxe5 dxe5 12. Nh4 b5 13. Nf5 b4 14. Nb1 Nc5 15. Qf3 Bc8 16. Nd2 Bxf5 17. Qxf5 Nfd7 18. Nc4 g6 19. Qf3 Kg7 20. a5 Ne6 21. c3 Rb8 22. Qe2 Qc7 23. Be3 b3 24. Bb1 Ndc5 25. Bd3 Rfd8 26. Rad1 Nf4 27. Bxf4 exf4 28. e5 Ne6 29. Be4 Ng5 30. Bf3 Bc5 31. h4 Ne6 32. Nd6 Qxa5 33. Bxc6 Bxd6 34. exd6 Qc5 35. Qe5+ Qxe5 36. Rxe5 Rb6 37. Ba4 Rdxd6 38. Rxd6 Rxd6 39. Bxb3 Rb6 40. Bc4 Rxb2 41. Bxa6 Kf6 42. Re2 Rxe2 43. Bxe2 Nc5 44. Bf3 Ke5 45. Kf1 f6 46. Ke2 g5 47. hxg5 fxg5 48. g4 fxg3 49. fxg3 Ne4 50. Bxe4 Kxe4 51. c4 h5 52. c5 Kd5 53. Kf3 Kxc5 54. Ke4 Kc4 55. Kf5 h4 56. gxh4 gxh4 57. Kg4 h3 58. Kxh3 1/2-1/2

[Event "Oberliga Ost-B 0708"]
[Site "Germany"]
[Date "2007.12.09"]
[Round "5.1"]
[White "Lutz, Klaus Juergen"]
[Black "Paehtz, Thomas Jr"]
[Result "0-1"]
[WhiteElo "2345"]
[BlackElo "2342"]
[PlyCount "116"]
[EventDate "2007.10.07"]
[EventType "team-tourn"]
[EventRounds "11"]
[EventCountry "GER"]
[SourceTitle "EXT 2009"]
[Source "ChessBase"]
[SourceDate "2008.11.26"]
[SourceVersion "1"]
[SourceVersionDate "2008.11.26"]
[SourceQuality "1"]
[WhiteTeam "Steinbach"]
[BlackTeam "Erfurt Empor"]
[WhiteTeamCountry "GER"]
[BlackTeamCountry "GER"]

1. e4 e6 2. d4 d5 3. Nc3 Nf6 4. Bg5 Bb4 5. e5 h6 6. Bd2 Bxc3 7. bxc3 Ne4 8. Qg4 Kf8 9. Bd3 Nxd2 10. Kxd2 c5 11. Nf3 c4 12. Be2 b5 13. h4 Nc6 14. Rhb1 Bd7 15. Qf4 Rb8 16. a3 Qe7 17. h5 Ke8 18. g4 Kd8 19. Qg3 a5 20. Ng1 Kc7 21. f4 b4 22. axb4 axb4 23. cxb4 Rxb4 24. Rxb4 Qxb4+ 25. Qc3 Qb7 26. Nf3 Ra8 27. Ra3 f6 28. Ke3 fxe5 29. Nxe5 Rxa3 30. Qxa3 Qa7 31. Qxa7+ Nxa7 32. g5 Be8 33. f5 exf5 34. gxh6 gxh6 35. Ng6 Kd6 36. Nh4 Bd7 37. Bf1 Nb5 38. Bg2 f4+ 39. Kxf4 Nxd4 40. Nf3 Nxf3 41. Bxf3 d4 42. Be2 Kd5 43. Bf3+ Kc5 44. Ke5 Ba4 45. Be4 c3 46. Bd3 Be8 47. Be2 d3 48. Bxd3 Bxh5 49. Kf6 Be8 50. Ke5 Kb4 51. Kd4 Bd7 52. Bg6 Bg4 53. Bd3 h5 54. Ke3 Ka3 55. Bg6 Kb2 56. Kf2 h4 57. Ke1 h3 58. Kf2 Bd1 0-1

[Event "EU-ch 8th"]
[Site "Dresden"]
[Date "2007.04.13"]
[Round "10"]
[White "Akesson, Ralf"]
[Black "Paehtz, Thomas Jr"]
[Result "1-0"]
[WhiteElo "2478"]
[BlackElo "2318"]
[PlyCount "137"]
[EventDate "2007.04.03"]
[EventType "swiss"]
[EventRounds "11"]
[EventCountry "GER"]
[SourceTitle "CBM 118"]
[Source "ChessBase"]
[SourceDate "2007.05.31"]
[SourceVersion "1"]
[SourceVersionDate "2007.05.31"]
[SourceQuality "1"]

1. Nf3 c5 2. c4 Nc6 3. d4 cxd4 4. Nxd4 Nf6 5. Nc3 e6 6. g3 Qb6 7. Nb3 Ne5 8. e4 Bb4 9. Qe2 d6 10. f4 Nc6 11. Bg2 0-0 12. Be3 Bxc3+ 13. bxc3 Qc7 14. c5 dxc5 15. Bxc5 Rd8 16. e5 Na5 17. Bd6 Qxc3+ 18. Qd2 Qxd2+ 19. Nxd2 Nd5 20. Bxd5 Rxd6 21. exd6 exd5 22. 0-0 g6 23. Rfc1 Be6 24. Rc5 b6 25. Rc7 Rd8 26. Rxa7 Rxd6 27. Rd1 d4 28. Ne4 Rd8 29. Ra6 Nc4 30. Nf2 h5 31. Ra4 b5 32. Rb4 Ra8 33. Rxb5 Rxa2 34. Rxd4 Ne3 35. Rb1 Ng4 36. Nxg4 Bxg4 37. Rdb4 Be6 38. R1b2 Rxb2 39. Rxb2 Kg7 40. Kf2 Bf5 41. Ke3 Be6 42. Kd4 Bf5 43. Ke5 Be6 44. Rb6 Bf5 45. Ra6 Bg4 46. Ra5 Bh3 47. Kd6 Kf6 48. Kc7 Ke7 49. Re5+ Be6 50. f5 gxf5 51. h4 Kf6 52. Kd6 Bb3 53. Re1 Bc4 54. Kc5 Be6 55. Kd4 Bb3 56. Ke3 Kg6 57. Kf4 f6 58. Re8 Bf7 59. Rb8 Bc4 60. Ke3 Ba2 61. Kd4 f4 62. gxf4 Kf5 63. Rb2 Bf7 64. Rb6 Ba2 65. Ke3 Kg4 66. Rxf6 Kxh4 67. Rg6 Kh3 68. f5 h4 69. Kf4 1-0

[Event "EU-ch 8th"]
[Site "Dresden"]
[Date "2007.04.09"]
[Round "7"]
[White "Paehtz, Thomas Jr"]
[Black "Pirrot, Dieter"]
[Result "1-0"]
[WhiteElo "2318"]
[BlackElo "2420"]
[PlyCount "95"]
[EventDate "2007.04.03"]
[EventType "swiss"]
[EventRounds "11"]
[EventCountry "GER"]
[SourceTitle "CBM 118"]
[Source "ChessBase"]
[SourceDate "2007.05.31"]
[SourceVersion "1"]
[SourceVersionDate "2007.05.31"]
[SourceQuality "1"]

1. e4 e5 2. Nf3 d6 3. d4 exd4 4. Nxd4 Nf6 5. Nc3 Be7 6. g3 d5 7. e5 Ng4 8. Bg2 c6 9. f4 c5 10. Ndb5 a6 11. Nd6+ Bxd6 12. exd6 d4 13. Qe2+ Kf8 14. Ne4 Nc6 15. f5 h5 16. 0-0 Nge5 17. Bf4 c4 18. Nd2 d3 19. Qe3 Ng4 20. Qc5 Qa5 21. Qxa5 Nxa5 22. cxd3 c3 23. bxc3 Bxf5 24. Rfe1 f6 25. h4 Rc8 26. c4 Kf7 27. Re7+ Kg6 28. d7 Rcf8 29. Bc7 Nc6 30. Bxc6 bxc6 31. d4 Rd8 32. Bxd8 Rxd8 33. c5 Bxd7 34. Nc4 Nh6 35. Nd6 Bg4 36. Kf2 Rb8 37. Rb7 Rxb7 38. Nxb7 Nf5 39. Rb1 Nxd4 40. Rb6 Kf5 41. Rxa6 Ke4 42. Rb6 Be6 43. a4 Bd5 44. a5 Nb5 45. Nd8 g5 46. a6 Kd4 47. Rxb5 cxb5 48. c6 1-0

[Event "EU-ch 8th"]
[Site "Dresden"]
[Date "2007.04.08"]
[Round "6"]
[White "Paehtz, Thomas Jr"]
[Black "Guliev, Logman"]
[Result "1/2-1/2"]
[WhiteElo "2318"]
[BlackElo "2466"]
[PlyCount "92"]
[EventDate "2007.04.03"]
[EventType "swiss"]
[EventRounds "11"]
[EventCountry "GER"]
[SourceTitle "CBM 118"]
[Source "ChessBase"]
[SourceDate "2007.05.31"]
[SourceVersion "1"]
[SourceVersionDate "2007.05.31"]
[SourceQuality "1"]

1. e4 c5 2. c3 d5 3. exd5 Qxd5 4. d4 Nf6 5. Nf3 e6 6. Be3 cxd4 7. cxd4 Nc6 8. Nc3 Qd6 9. a3 Be7 10. Qc2 0-0 11. Bd3 Bd7 12. 0-0 Rac8 13. Rad1 g6 14. Qe2 Rfd8 15. Rfe1 Be8 16. Bc4 Nd5 17. Bxd5 exd5 18. Ne5 Nxe5 19. dxe5 Qxe5 20. Bxa7 Qxe2 21. Nxe2 Bg5 22. Nc3 Bc6 23. Bd4 Re8 24. Rxe8+ Rxe8 25. g3 f5 26. f4 Be7 27. Kf2 Kf7 28. Re1 Rd8 29. Re3 b5 30. Ne2 b4 31. axb4 Bxb4 32. Ng1 Re8 33. Nf3 Bd6 34. Rxe8 Kxe8 35. Ke3 Kd7 36. Ba7 Kc7 37. Ng5 h6 38. Nf7 Bf8 39. Ne5 g5 40. Kd4 Bg7 41. Bc5 g4 42. b4 h5 43. b5 Bxb5 44. Kxd5 Bxe5 45. fxe5 Kd7 46. e6+ Ke8 1/2-1/2

[Event "EU-ch 8th"]
[Site "Dresden"]
[Date "2007.04.06"]
[Round "4"]
[White "Paehtz, Thomas Jr"]
[Black "Neverov, Valeriy"]
[Result "0-1"]
[WhiteElo "2318"]
[BlackElo "2540"]
[PlyCount "102"]
[EventDate "2007.04.03"]
[EventType "swiss"]
[EventRounds "11"]
[EventCountry "GER"]
[SourceTitle "CBM 118"]
[Source "ChessBase"]
[SourceDate "2007.05.31"]
[SourceVersion "1"]
[SourceVersionDate "2007.05.31"]
[SourceQuality "1"]

1. e4 c5 2. c3 d5 3. exd5 Qxd5 4. d4 e6 5. Nf3 Nf6 6. Be3 cxd4 7. cxd4 Bb4+ 8. Nc3 Qa5 9. Qb3 0-0 10. Be2 b6 11. 0-0 Ba6 12. Bxa6 Nxa6 13. a3 Bxc3 14. bxc3 Rac8 15. c4 Nb8 16. Rfd1 Qa6 17. Rac1 Nc6 18. Bd2 Rfd8 19. Be1 Ne7 20. a4 Nf5 21. Qb5 Qb7 22. a5 Nd6 23. Qb3 b5 24. Ne5 a6 25. d5 exd5 26. cxd5 Rxc1 27. Rxc1 Re8 28. Nc6 Nc4 29. Qf3 Qd7 30. Nb4 Ne5 31. Qd1 Qd6 32. Bc3 Neg4 33. g3 Nxf2 34. Qd4 Nh3+ 35. Kf1 Re4 36. Qb6 Qd7 37. Re1 h5 38. Qb8+ Kh7 39. Rxe4 Nxe4 40. Qe5 Qg4 41. Qxg7+ Qxg7 42. Bxg7 Kxg7 43. Nxa6 Kf6 44. Nc7 b4 45. a6 b3 46. Nb5 b2 47. Na3 Nd2+ 48. Ke2 Nc4 49. a7 Nxa3 50. a8Q b1Q 51. Qxa3 Qc2+ 0-1

[Event "Oberliga Ost-B 0607"]
[Site "Germany"]
[Date "2007.02.25"]
[Round "7.1"]
[White "Margolin, Boris"]
[Black "Paehtz, Thomas Jr"]
[Result "1/2-1/2"]
[WhiteElo "2440"]
[BlackElo "2318"]
[PlyCount "55"]
[EventDate "2006.10.15"]
[EventType "team-tourn"]
[EventRounds "11"]
[EventCountry "GER"]
[SourceTitle "EXT 2008"]
[Source "ChessBase"]
[SourceDate "2007.11.25"]
[SourceVersion "1"]
[SourceVersionDate "2007.11.25"]
[SourceQuality "1"]
[WhiteTeam "Oberursel"]
[BlackTeam "Erfurt Empor"]
[WhiteTeamCountry "GER"]
[BlackTeamCountry "GER"]

1. e4 e6 2. d4 d5 3. e5 c5 4. c3 Nc6 5. Nf3 Qb6 6. a3 Nh6 7. b4 cxd4 8. cxd4 Nf5 9. Be3 Bd7 10. Bd3 Nxe3 11. fxe3 Rc8 12. 0-0 Be7 13. Ra2 Nd8 14. Qe2 Ba4 15. h4 h6 16. Qd2 0-0 17. Rc1 Rxc1+ 18. Qxc1 Bb5 19. Bxb5 Qxb5 20. Rc2 Nc6 21. Nc3 Qd3 22. Ne2 a5 23. Nf4 Qb5 24. bxa5 Qxa5 25. Rc3 Ra8 26. Rb3 Bxa3 27. Qb1 Bb4 28. Nd3 1/2-1/2

[Event "Thueringen-ch"]
[Site "Jena"]
[Date "2006.04.15"]
[Round "6"]
[White "Paehtz, Thomas Jr"]
[Black "Enders, Peter"]
[Result "1/2-1/2"]
[WhiteElo "2291"]
[BlackElo "2443"]
[PlyCount "106"]
[EventDate "2006.04.12"]
[EventType "swiss"]
[EventRounds "9"]
[EventCountry "GER"]
[SourceTitle "EXT 2007"]
[Source "ChessBase"]
[SourceDate "2006.11.23"]
[SourceVersion "1"]
[SourceVersionDate "2006.11.23"]
[SourceQuality "1"]

1. e4 c5 2. Nf3 Nc6 3. d4 cxd4 4. Nxd4 Nf6 5. Nc3 d6 6. Bg5 e6 7. Qd2 a6 8. 0-0-0 Bd7 9. f4 b5 10. Bxf6 gxf6 11. Kb1 Qb6 12. Nxc6 Bxc6 13. f5 0-0-0 14. Bd3 h5 15. Rhf1 Be7 16. fxe6 fxe6 17. Qe1 Rdg8 18. Nd5 Bxd5 19. exd5 e5 20. Bf5+ Kb8 21. Qe4 Qc5 22. Rd3 Qc4 23. Qf3 Bd8 24. Rc3 Qf4 25. g3 Qxf3 26. Rfxf3 Bc7 27. Rc6 Kb7 28. Rfc3 Rg7 29. a4 bxa4 30. R3c4 a5 31. Rxa4 Re8 32. Rac4 Ra8 33. Ka2 Ra7 34. Rh4 Rg5 35. Bd3 f5 36. Be2 Ra8 37. Rhc4 Rg7 38. Rc3 h4 39. Rb3+ Kc8 40. gxh4 Rb8 41. Ba6+ Kd7 42. Rxb8 Bxb8 43. Bc8+ Ke7 44. Bxf5 Kf6 45. Bd3 Rg4 46. Rc8 Ba7 47. Re8 Bc5 48. Re6+ Kg7 49. h5 Rh4 50. Rg6+ Kf7 51. Re6 Kg7 52. Bg6 Rxh2 53. Kb3 Rh4 1/2-1/2

[Event "Oberliga Ost-B 0506"]
[Site "Germany"]
[Date "2006.04.01"]
[Round "10.2"]
[White "Murdzia, Piotr"]
[Black "Paehtz, Thomas Jr"]
[Result "1-0"]
[WhiteElo "2448"]
[BlackElo "2279"]
[PlyCount "37"]
[EventDate "2005.11.13"]
[EventType "team-tourn"]
[EventRounds "11"]
[EventCountry "GER"]
[SourceTitle "EXT 2007"]
[Source "ChessBase"]
[SourceDate "2006.11.23"]
[SourceVersion "1"]
[SourceVersionDate "2006.11.23"]
[SourceQuality "1"]
[WhiteTeam "Griesheim"]
[BlackTeam "Soemmerda"]
[WhiteTeamCountry "GER"]
[BlackTeamCountry "GER"]

1. e4 c5 2. Nf3 d6 3. d4 cxd4 4. Nxd4 Nf6 5. Nc3 a6 6. f4 e5 7. Nf3 Nbd7 8. Bd3 Be7 9. 0-0 0-0 10. a4 exf4 11. Bxf4 Qb6+ 12. Kh1 Qxb2 13. Nd5 Nxd5 14. exd5 Qb4 15. Bd2 Qg4 16. Re1 Bf6 17. Bxh7+ Kh8 18. Bd3 Nc5 19. Rb1 1-0

[Event "Oberliga Ost-B 0506"]
[Site "Germany"]
[Date "2005.12.11"]
[Round "4"]
[White "Weber, Ulrich"]
[Black "Paehtz, Thomas Jr"]
[Result "0-1"]
[WhiteElo "2360"]
[BlackElo "2291"]
[PlyCount "59"]
[EventDate "2005.11.13"]
[EventType "team-tourn"]
[EventRounds "11"]
[EventCountry "GER"]
[SourceTitle "CBM 109 Extra"]
[Source "ChessBase"]
[SourceDate "2006.01.03"]
[SourceVersion "2"]
[SourceVersionDate "2006.01.03"]
[SourceQuality "1"]

1. Nf3 c5 2. g3 Nc6 3. Bg2 e5 4. 0-0 g6 5. c4 Bg7 6. Nc3 d6 7. d3 Nge7 8. a3 a5 9. Bd2 0-0 10. Rb1 Rb8 11. Qc1 b6 12. b3 f5 13. Bg5 Qd7 14. Re1 Bb7 15. Bxe7 Nxe7 16. b4 e4 17. dxe4 fxe4 18. Nd2 axb4 19. Ncxe4 d5 20. cxd5 Nxd5 21. Nc4 Nc3 22. Nxc3 Bxg2 23. Nd1 Be4 24. Rb3 b5 25. Nce3 bxa3 26. Rxa3 Bd4 27. Ra6 Qh3 28. f3 Bb7 29. Nf2 Qh6 30. Rb6 0-1

[Event "Oberliga Ost-B 0506"]
[Site "Germany"]
[Date "2005.11.27"]
[Round "3"]
[White "Wege, Jochen"]
[Black "Paehtz, Thomas Jr"]
[Result "1/2-1/2"]
[WhiteElo "2274"]
[BlackElo "2291"]
[PlyCount "22"]
[EventDate "2005.11.13"]
[EventType "team-tourn"]
[EventRounds "11"]
[EventCountry "GER"]
[SourceTitle "CBM 109 Extra"]
[Source "ChessBase"]
[SourceDate "2006.01.03"]
[SourceVersion "2"]
[SourceVersionDate "2006.01.03"]
[SourceQuality "1"]

1. e4 c5 2. Nf3 e6 3. d4 cxd4 4. Nxd4 Nc6 5. Nc3 Qc7 6. Be3 a6 7. Qd2 Nf6 8. f3 b5 9. g4 h6 10. Nxc6 dxc6 11. 0-0-0 e5 1/2-1/2

[Event "GER-chT Landesliga"]
[Site "Greifswald"]
[Date "2001.08.01"]
[Round "5.2"]
[White "Gasthofer, Alexander"]
[Black "Paehtz, Thomas Jr"]
[Result "1/2-1/2"]
[WhiteElo "2212"]
[BlackElo "2204"]
[PlyCount "34"]
[EventDate "2001.07.29"]
[EventType "team"]
[EventRounds "7"]
[EventCountry "GER"]
[SourceTitle "EXT 2003"]
[Source "ChessBase"]
[SourceDate "2002.11.25"]
[SourceVersion "1"]
[SourceVersionDate "2002.11.25"]
[SourceQuality "1"]

1. Nf3 e6 2. g3 b6 3. Bg2 Bb7 4. 0-0 c5 5. c4 Nf6 6. Nc3 d6 7. d4 cxd4 8. Qxd4 Be7 9. Rd1 a6 10. b3 Nbd7 11. e4 Qc7 12. Ba3 Nc5 13. e5 dxe5 14. Qxe5 Qxe5 15. Nxe5 Bxg2 16. Kxg2 Nfd7 17. Nxd7 Nxd7 1/2-1/2

[Event "GER-chT Landesliga"]
[Site "Greifswald"]
[Date "2001.07.29"]
[Round "1.2"]
[White "Schuetze, Norman"]
[Black "Paehtz, Thomas Jr"]
[Result "1-0"]
[WhiteElo "2134"]
[BlackElo "2204"]
[PlyCount "53"]
[EventDate "2001.07.29"]
[EventType "team"]
[EventRounds "7"]
[EventCountry "GER"]
[SourceTitle "EXT 2003"]
[Source "ChessBase"]
[SourceDate "2002.11.25"]
[SourceVersion "1"]
[SourceVersionDate "2002.11.25"]
[SourceQuality "1"]

1. e4 g6 2. d4 Bg7 3. Nc3 d6 4. f4 Nf6 5. Nf3 0-0 6. e5 Nfd7 7. h4 c5 8. h5 cxd4 9. hxg6 hxg6 10. Qxd4 Qb6 11. Nd5 Nc6 12. Qa4 Qd8 13. f5 e6 14. Bg5 f6 15. Qh4 Qa5+ 16. b4 Qxd5 17. Bc4 Qxc4 18. Qxc4 Ndxe5 19. Qh4 exf5 20. Bh6 Bxh6 21. Qxh6 Kf7 22. 0-0-0 Ke7 23. b5 Nxf3 24. gxf3 Ne5 25. Qd2 Nf7 26. Rh7 Rd8 27. Qd5 1-0

[Event "BL2-Ost 0001"]
[Site "Germany"]
[Date "2001.04.01"]
[Round "8.2"]
[White "Paehtz, Thomas Jr"]
[Black "Kalod, Radek"]
[Result "0-1"]
[WhiteElo "2218"]
[BlackElo "2483"]
[PlyCount "54"]
[EventDate "2000.10.15"]
[EventType "team-tourn"]
[EventRounds "9"]
[EventCountry "GER"]
[SourceTitle "CBM 082 Extra"]
[Source "ChessBase"]
[SourceDate "2001.07.03"]
[SourceVersion "1"]
[SourceVersionDate "2001.07.03"]
[SourceQuality "1"]
[WhiteTeam "Erfurt Empor"]
[BlackTeam "Wuerzburg"]
[WhiteTeamCountry "GER"]
[BlackTeamCountry "GER"]

1. e4 c5 2. Nf3 d6 3. d4 cxd4 4. Nxd4 Nf6 5. Nc3 a6 6. Be3 e6 7. Be2 Qc7 8. 0-0 Be7 9. f4 Nc6 10. Qe1 0-0 11. Qg3 Nxd4 12. Bxd4 b5 13. a3 Bb7 14. Rae1 Bc6 15. Kh1 Qb7 16. Bd3 Rad8 17. Qh3 g6 18. f5 e5 19. Be3 Rfe8 20. Bg5 Nh5 21. f6 Bf8 22. Be2 Nf4 23. Qh4 d5 24. exd5 Nxd5 25. Bh6 Nxc3 26. Bxf8 Bxg2+ 27. Kg1 Bxf1 0-1